000 00604nam a2200217Ia 4500
003 OSt
005 20220918193107.0
006 a|||||r|||| 00| 0
007 ta
008 220917b |||||||| |||| 00| 0 eng d
024 _a71,783
037 _cTextual
040 _aARTS
_cARTS
_beng
041 _2eng
_aeng
082 _aR3xM94x, J3.1-.3
100 _aDooyeweerd Herman
_981015
245 0 _aNew critique of theoretical thought tr by David H Freeman and William S Young
260 _c1953
942 _hR3xM94x, J3.1-.3
_cTEXL
_2CC
999 _c197855
_d197855